BIBLIOTHÈQUE DE LA MAISON DU MEXIQUE

Logo 1 Logo 2

La luciole égarée = La luciérnaga extraviada (notice nᵒ 8198)

détails MARC
000 -Sello discográfico
campo de control de longitud fija 01183nam a2200337 4500
005 - Identificación de versión
campo de control 20251016085000.0
010 ## - Número Estándar Internacional de Libros (ISBN)
Número (ISBN) 2-89046-640-X (Ecrits des Forges)
010 ## - Número Estándar Internacional de Libros (ISBN)
Número (ISBN) 970-713-029-6 (Ediciones Sin Nombre)
099 ## - fechas locales
Tipo de ítem Koha LIBRO
100 ## - Datos de procesamiento general
Datos de procesamiento general 20250409d2001 m y1spay5003 ba
101 ## - Idioma del recurso
Idioma del texto, banda sonora, etc. Francés
-- Español; Castellano
105 ## - Campo de datos codificados: Material textual, monográfico
Datos codificados de monografía y 001gy
200 1# - Título y mención de responsabilidad
Título propio La luciole égarée = La luciérnaga extraviada
Designación general del material texto impreso
Primer mención de responsabilidad Ana María Jaramillo
Declaración de responsabilidad subsiguiente traduction Emile et Nicole Martel
210 ## - Publicación, distribución, etc.
Lugar de publicación, distribución, etc. Québec
-- México
Nombre del editor, distribuidor, etc. Ecrits des Forges
-- Ediciones Sin Nombre
Fecha de publicación, distribución, etc. 2001
215 ## - Descripción física
Designación de material específico y extensión del ítem 139 p
Dimensiones 20 cm
300 ## - Notas generales
Texto de la nota Edición bilingüe francés - español
300 ## - Notas generales
Texto de la nota Texto en español con traducción al francés en páginas encaradas
345 ## - Nota de información de adquisición
Fuente de adquisición/dirección de la suscripción [OBSOLETO] Donación
606 ## - Término temático usado como materia
Elemento de entrada Poesía colombiana
Subdivisión cronológica Siglo XX
Número Koha 5578
660 ## - Código de área geográfica
Código MX
700 ## - Nombre personal - Responsabilidad primaria
Elemento de entrada Jaramillo Mejía
Parte del nombre distinta del elemento de entrada Ana María
Fechas 1956-
Número Koha 13099
702 ## - Nombre personal - Responsabilidad secundaria
Elemento de entrada Martel
Parte del nombre distinta del elemento de entrada Emile
Fechas 1941-2023
Número Koha 14054
702 ## - Nombre personal - Responsabilidad secundaria
Elemento de entrada Perron Martel
Parte del nombre distinta del elemento de entrada Nicole
Fechas 1940-
Número Koha 14055
801 ## - Fuente de origen
País FR
Agencia cm
Reglas de catalogación (convenciones descriptivas) AFNOR
900 ## -
-- 1/23757
900 ## -
-- 7100417642\080104
942 ## - ELEMENTOS DE ENTRADA SECUNDARIOS (KOHA)
Tipo de ítem Koha Livre
996 ## -
-- MEX
-- 751145101
-- MMAG
-- 012881
-- CO861.4 J37L
-- 20250409LIV
Exemplaires
Estatus retirado Estado de daño Estado de pérdida Fecha de adquisición Biblioteca de origen Biblioteca actual Ubicación en estantería Código de barras Precio de reemplazo Signatura topográfica completa No para préstamo Tipo de ítem Koha Nota pública Nota no pública
      05/08/2025 Casa México Paris Casa México Paris   012881 05/08/2025 CO861.4 J37L   Livre 20250409LIV 751145101